00369nam a2200157Ia 45000010006000000050017000060080041000230410008000640820017000721000025000892450044001142600009001583000028001676500008001956540008002031752920260306171524.0260306s9999||||xx |||||||||||||| ||und|| aESP a658.007bA59 aAndersen, EspeneAUT 0aTeaching with cases:ba practical guide c2014 a294 páginas :c23 cm. aGEN aCAN